00531nam a2200169Ia 4500008004100000041000800041082001400049100003000063245006100093250000800154260004700162300000700209650002700216942000700243952009600250999001500346230711s9999||||xx |||||||||||||| ||und|| aENG a624bBU-I aBureau of Indian Standard 0aIS : 1566 1982bSpecifications for hard drawn steel wire a2nd c1982aNew DelhibBureau of Indian Standard a13 aMechanical Engineering cBK 001040708RaMCLbMCLd0000-00-00l0o624 BU-Ip7579r2023-08-17 14:01:23w2023-08-17yBK c1508d1508